Fourth Symposium on Turbulence, Diffusion, and Air Pollution of the American Meteorological Society, January 15-18, 1979, Reno, Nevada : [preprints].

Bibliographic Details
Corporate Authors: Symposium on Turbulence, Diffusion, and Air Pollution Reno, Nev., American Meteorological Society
Format: Conference Proceeding Book
Language:English
Published: Boston, Mass. : The Society, [1978]
Subjects:

MARC

Tag First Indicator Second Indicator Subfields
LEADER 00000cam a2200000 a 4500
001 in00000070804
005 20151008061920.0
008 790330s1978 maua 10110 eng d
035 |a (OCoLC)04802447 
035 |9 AAJ9120AM 
040 |a SEA  |c SEA  |d m.c.  |d TXA  |d UtOrBLW 
049 |a TXAM  |c [387015] 
090 |a QC880.4.T8  |b S98 1979 
111 2 |a Symposium on Turbulence, Diffusion, and Air Pollution  |n (4th :  |d 1979 :  |c Reno, Nev.) 
245 1 0 |a Fourth Symposium on Turbulence, Diffusion, and Air Pollution of the American Meteorological Society, January 15-18, 1979, Reno, Nevada :  |b [preprints]. 
264 1 |a Boston, Mass. :  |b The Society,  |c [1978] 
264 4 |c ©1978 
300 |a xv, 676 pages :  |b illustrations ;  |c 28 cm. 
336 |a text  |b txt  |2 rdacontent 
337 |a unmediated  |b n  |2 rdamedia 
338 |a volume  |b nc  |2 rdacarrier 
504 |a Includes bibliographies and index. 
650 0 |a Turbulent diffusion (Meteorology)  |x Congresses. 
650 0 |a Atmospheric turbulence  |v Congresses. 
650 0 |a Air  |x Pollution  |v Congresses. 
710 2 |a American Meteorological Society. 
999 |a MARS 
999 f f |s 7b6c826b-fdb9-3144-888b-3d6db644eaba  |i 430c5ef0-79c1-3623-83c4-352954021d83  |t 0 
952 f f |p ric  |a Texas A&M University  |b Rellis Campus  |c Joint Library Facility  |d Remote Storage  |t 0  |e QC880.4.T8 S98 1979  |h Library of Congress classification  |i unmediated -- volume  |m A14806209918 
998 f f |a QC880.4.T8 S98 1979  |t 0  |l Remote Storage